[Event "Heusenstamm Schloss op"]
[Site "Heusenstamm"]
[Date "2022.11.20"]
[Round "6"]
[White "Kuerschner, Liam"]
[Black "Braeutigam, Thomas"]
[Result "1/2-1/2"]
[WhiteElo "1900"]
[BlackElo "2051"]
[PlyCount "141"]
[EventDate "2022.11.17"]
[EventType "swiss"]
[EventRounds "7"]
[EventCountry "GER"]
[SourceTitle "CBM 212 Extra"]
[Source "ChessBase"]
[SourceDate "2023.03.31"]
[SourceVersion "1"]
[SourceVersionDate "2023.03.31"]
[SourceQuality "1"]

1. c4 Nf6 2. Nf3 e6 3. g3 d5 4. d4 Bb4+ 5. Bd2 Be7 6. Bg2 0-0 7. 0-0 c6 8. Qc2 b6 9. b3 Bb7 10. Bc1 Nbd7 11. Bb2 Rc8 12. e3 c5 13. Qe2 dxc4 14. bxc4 Qc7 15. Nbd2 Ne4 16. Rfd1 Bf6 17. Ne5 Nxd2 18. Qxd2 Bxg2 19. Nxd7 Qxd7 20. Kxg2 cxd4 21. Bxd4 Rfd8 22. Qe2 Qc6+ 23. Qf3 Bxd4 24. Qxc6 Rxc6 25. Rxd4 Rxd4 26. exd4 Rxc4 27. Rd1 Kf8 28. Rd2 Ke7 29. Kf3 Kd6 30. Ke3 Rc3+ 31. Ke4 Ra3 32. h4 g6 33. Kf4 h6 34. Rc2 f6 35. Kg4 Ra4 36. Rc8 Rxd4+ 37. Kf3 Rd3+ 38. Kg2 Ra3 39. Rh8 Ke7 40. Rxh6 Kf7 41. Rh7+ Kf8 42. Rb7 f5 43. Kg1 Rxa2 44. Kg2 e5 45. Kf3 Ra3+ 46. Ke2 Ra5 47. Kf3 Ra3+ 48. Ke2 f4 49. gxf4 exf4 50. Kf1 f3 51. Kg1 Ra2 52. Kh2 Rxf2+ 53. Kg3 Re2 54. Rxa7 f2 55. Kg2 Re7 56. Ra8+ Kg7 57. Kxf2 Rb7 58. Ra4 b5 59. Rb4 Kf6 60. Ke3 Ke5 61. Kd3 Kd5 62. Kc3 Rc7+ 63. Kb3 Kc5 64. Rg4 Rc6 65. h5 gxh5 66. Rg5+ Kb6 67. Rxh5 Rg6 68. Rh4 Ka5 69. Rf4 Rg3+ 70. Kb2 b4 71. Rf8 1/2-1/2

[Event "Heusenstamm Schloss op"]
[Site "Heusenstamm"]
[Date "2022.11.18"]
[Round "2"]
[White "Kuerschner, Liam"]
[Black "Werner, Florin"]
[Result "0-1"]
[WhiteElo "1900"]
[BlackElo "1669"]
[PlyCount "104"]
[EventDate "2022.11.17"]
[EventType "swiss"]
[EventRounds "7"]
[EventCountry "GER"]
[SourceTitle "CBM 212 Extra"]
[Source "ChessBase"]
[SourceDate "2023.03.31"]
[SourceVersion "1"]
[SourceVersionDate "2023.03.31"]
[SourceQuality "1"]

1. c4 c6 2. Nf3 Nf6 3. g3 d5 4. d4 g6 5. Bg2 Bg7 6. 0-0 dxc4 7. Ne5 Be6 8. Na3 Bd5 9. Naxc4 Bxg2 10. Kxg2 0-0 11. Nf3 Nbd7 12. Re1 Nb6 13. b3 Nfd5 14. e4 Nc3 15. Qd2 Nb5 16. Bb2 Re8 17. Re2 Rc8 18. a4 Nd6 19. Qd3 e6 20. Qc2 c5 21. dxc5 Bxb2 22. Nxb2 Nd7 23. b4 b6 24. Qd2 Nb7 25. Rd1 Re7 26. cxb6 Nxb6 27. Qf4 Rd7 28. Red2 Rxd2 29. Rxd2 Qe7 30. Ne5 a5 31. b5 Nc5 32. Rd4 f6 33. Nc6 Rxc6 34. bxc6 e5 35. Qg4 exd4 36. f3 d3 37. Qf4 Qd8 38. Qe3 Qd6 39. c7 Qxc7 40. Nxd3 Ncxa4 41. e5 Nc4 42. Qd4 fxe5 43. Qd5+ Kg7 44. Qe4 Nc3 45. Qe1 Nd5 46. Qe4 Nce3+ 47. Kf2 a4 48. f4 exf4 49. Nxf4 Ng4+ 50. Kg2 Nde3+ 51. Kf3 Qd7 52. h3 Qd1+ 0-1

[Event "GER-ch Net blitz qual4"]
[Site "Playchess.com INT"]
[Date "2021.05.10"]
[Round "1"]
[White "Perske, Thore"]
[Black "Kuerschner, Liam"]
[Result "1-0"]
[WhiteElo "2653"]
[BlackElo "1817"]
[PlyCount "123"]
[EventDate "2021.05.10"]
[EventType "swiss (blitz)"]
[EventRounds "11"]
[EventCountry "GER"]
[SourceTitle "CBM 202 Extra"]
[Source "ChessBase"]
[SourceDate "2021.07.31"]
[SourceVersion "1"]
[SourceVersionDate "2021.07.31"]
[SourceQuality "1"]

1. e4 c5 2. Nf3 g6 3. d4 cxd4 4. Nxd4 Bg7 5. Nc3 Nc6 6. Be3 Nf6 7. Bc4 0-0 8. Bb3 Ng4 9. Qxg4 Nxd4 10. Qd1 e5 11. 0-0 b6 12. Bd5 Rb8 13. Ne2 Nxe2+ 14. Qxe2 Bb7 15. Rfd1 Bxd5 16. Rxd5 Qc7 17. Qd3 Rfd8 18. Rd1 Bf8 19. c3 d6 20. g3 Rd7 21. Rxe5 dxe5 22. Qxd7 Qxd7 23. Rxd7 Bc5 24. Bxc5 bxc5 25. b3 a5 26. Rd5 c4 27. bxc4 Rb1+ 28. Kg2 Rc1 29. Rxe5 Rxc3 30. Rxa5 Rxc4 31. Kf3 Rc3+ 32. Kg2 h5 33. h4 Rc4 34. Kf3 Rc3+ 35. Kf4 Kg7 36. a4 Ra3 37. Ra7 Ra2 38. f3 Kg8 39. a5 Ra3 40. a6 f6 41. g4 g5+ 42. hxg5 hxg4 43. Kxg4 fxg5 44. Rd7 Rxa6 45. Kxg5 Ra1 46. f4 Rg1+ 47. Kf5 Re1 48. e5 Kf8 49. Kf6 Ke8 50. Ra7 Rb1 51. e6 Rb8 52. Rh7 Kd8 53. Rh8+ Kc7 54. Rxb8 Kd6 55. Rd8+ Kc7 56. e7 Kb6 57. e8Q Kc5 58. Qe5+ Kb4 59. Rd4+ Kb3 60. Qe3+ Kb2 61. Rd2+ Ka1 62. Qe1# 1-0

[Event "GER-ch Net blitz qual4"]
[Site "Playchess.com INT"]
[Date "2021.05.10"]
[Round "8"]
[White "Retzlaff, Wolfgang"]
[Black "Kuerschner, Liam"]
[Result "1/2-1/2"]
[WhiteElo "1631"]
[BlackElo "1817"]
[PlyCount "76"]
[EventDate "2021.05.10"]
[EventType "swiss (blitz)"]
[EventRounds "11"]
[EventCountry "GER"]
[SourceTitle "CBM 202 Extra"]
[Source "ChessBase"]
[SourceDate "2021.07.31"]
[SourceVersion "1"]
[SourceVersionDate "2021.07.31"]
[SourceQuality "1"]

1. c4 c5 2. Nc3 g6 3. g3 Bg7 4. Bg2 Nc6 5. e3 e5 6. Nge2 Nf6 7. 0-0 0-0 8. d4 exd4 9. exd4 cxd4 10. Nxd4 d5 11. cxd5 Nxd5 12. Nxc6 bxc6 13. Nxd5 cxd5 14. Qxd5 Qxd5 15. Bxd5 Rb8 16. Bb3 a5 17. Re1 Ba6 18. Rd1 Be2 19. Rd2 Bf3 20. Rb1 Rfe8 21. Kf1 Re5 22. Bd1 Be4 23. Bc2 Rbe8 24. Bxe4 Rxe4 25. Rd1 Re2 26. a3 Rc8 27. b4 Rcc2 28. Be3 h5 29. b5 Bh6 30. Rd8+ Kh7 31. Bd4 Bg7 32. Be3 Bh6 33. b6 Bxe3 34. fxe3 Rxh2 35. Kg1 Rhg2+ 36. Kf1 Rh2 37. Kg1 Rhg2+ 38. Kf1 Rh2 1/2-1/2

[Event "DSOL 07 Liga Gr-C 1st"]
[Site "Playchess.com INT"]
[Date "2020.08.10"]
[Round "2.4"]
[White "Kuerschner, Liam"]
[Black "Mohr, Alvin"]
[Result "1-0"]
[WhiteElo "1411"]
[BlackElo "1000"]
[PlyCount "57"]
[EventDate "2020.06.22"]
[EventType "team-tourn (rapid)"]
[EventCountry "GER"]
[SourceTitle "EXT 2021"]
[Source "ChessBase"]
[SourceDate "2020.10.23"]
[SourceVersion "1"]
[SourceVersionDate "2020.10.23"]
[SourceQuality "1"]
[WhiteTeam "Langen II"]
[BlackTeam "Oberursel III"]
[WhiteTeamCountry "GER"]
[BlackTeamCountry "GER"]

1. c4 e5 2. g3 c6 3. d4 exd4 4. Qxd4 Nf6 5. Bg2 d5 6. Nc3 dxc4 7. Qxc4 Be6 8. Qa4 Bc5 9. Nh3 0-0 10. 0-0 Qb6 11. Qc2 Re8 12. Na4 Bxf2+ 13. Nxf2 Qd4 14. Kh1 Bg4 15. e4 Na6 16. Bd2 b5 17. Bc3 Qxa4 18. Qxa4 bxa4 19. Bxf6 gxf6 20. Nxg4 Kg7 21. Nxf6 Re6 22. Nh5+ Kg8 23. Bh3 Re7 24. Rf4 Rb8 25. Raf1 Nc5 26. Nf6+ Kg7 27. Rg4+ Kh6 28. Rf5 Nd3 29. Rh5# 1-0

[Event "Heusenstamm Sparkassen op U14 6th"]
[Site "Heusenstamm"]
[Date "2019.11.23"]
[Round "4"]
[White "Gossen, Michael"]
[Black "Kuerschner, Liam"]
[Result "0-1"]
[WhiteElo "1072"]
[BlackElo "1423"]
[PlyCount "78"]
[EventDate "2019.11.21"]
[EventType "swiss"]
[EventRounds "7"]
[EventCountry "GER"]
[SourceTitle "CBM 194 Extra"]
[Source "ChessBase"]
[SourceDate "2020.03.31"]
[SourceVersion "1"]
[SourceVersionDate "2020.03.31"]
[SourceQuality "1"]

1. e4 c5 2. Nf3 g6 3. Nc3 Bg7 4. Bc4 Nc6 5. 0-0 e6 6. a3 Nge7 7. d3 d5 8. exd5 Nxd5 9. Nxd5 exd5 10. Re1+ Be6 11. Bb5 h6 12. c3 0-0 13. d4 cxd4 14. cxd4 Qb6 15. Bxc6 bxc6 16. b4 a5 17. Be3 axb4 18. axb4 Rxa1 19. Qxa1 Qxb4 20. Bd2 Qd6 21. Qb1 Rb8 22. Qc1 g5 23. h4 f6 24. hxg5 hxg5 25. Re2 Bf5 26. Be3 Rb1 27. Qxb1 Bxb1 28. Rb2 Be4 29. Nh2 Qa3 30. Rb8+ Kh7 31. Ng4 f5 32. Ne5 Bxe5 33. dxe5 Qa1+ 34. Kh2 Qxe5+ 35. g3 Qxb8 36. Bxg5 Qb1 37. g4 Qh1+ 38. Kg3 Qf3+ 39. Kh4 Qxg4# 0-1